LEADER 01240nam1-22003851n-450- 001 990001183250203316 005 20031002113709.0 010 $a88-207-3368-4 035 $a000118325 035 $aUSA01000118325 035 $a(ALEPH)000118325USA01 035 $a000118325 100 $a20031002-2002----m||y0itay0103----ba 101 0 $aita 102 $aIT 105 $ay|||z|||001yy 200 1 $a<> nuova guida a MATLAB, simulink e Control Toolbox$fAlberto Cavallo, Roberto Setola, Francesco Vasca 210 $aNapoli$cLiguori$d2002 215 $aVIII, 513 p.$d24 cm. 606 0 $aCalcolo numerico$xProgrammi per microelaboratori 606 0 $aProgrammi MATLAB 676 $a519.402855369 700 1$aCAVALLO,$bAlberto$09203 701 1$aSETOLA,$bRoberto$09204 701 1$aVASCA,$bFrancesco$09205 801 0$aIT$bsalbc$gISBD 912 $a990001183250203316 951 $a519.402855369 CAV A$b17366 Ing.$c519.402855369$d00086459 951 $a519.402855369 CAV B$b17367 Ing.$c519.402855369 959 $aBK 969 $aTEC 979 $aRENATO$b90$c20031002$lUSA01$h1137 979 $aPATRY$b90$c20040406$lUSA01$h1725 996 $aNuova guida a MATLAB, Simulink, e Control Toolbox$9748210 997 $aUNISA LEADER 00828nam0-2200277 --450 001 9910859600903321 005 20240611093228.0 100 $a20240611d1994----kmuy0itay5050 ba 101 0 $aita 102 $aIT 105 $a 001yy 200 1 $aA partire da Foucault$estudi su potere e soggettività$fa cura di Andrea Grillo$gprefazione di Franco Riccio 210 $aPalermo$cLa Zisa$d1994 215 $a164 p.$d22 cm. 225 1 $aPensiero e società$v1 610 0 $aFoucault, Michel 676 $a194$v20 702 1$aGrillo,$bAndrea$f<1961- > 702 1$aRiccio,$bFranco$f<1930- > 801 0$aIT$bUNINA$gREICAT$2UNIMARC 901 $aBK 912 $a9910859600903321 952 $aDAM A92.24 FOUM/S 06$b2024/6420$fFLFBC 959 $aFLFBC 996 $aA partire da Foucault$94163574 997 $aUNINA